[Event "78th UKR-ch"]
[Site "Alushta UKR"]
[Date "2009.05.11"]
[Round "1"]
[White "Tukhaev, Adam"]
[WhiteElo "2517"]
[Black "Burdalev, Kirill"]
[BlackElo "2217"]
[Result "1-0"]
[EventDate "2009.05.10"]
[PlyCount "65"]

1. g3 d5 2. Bg2 Nf6 3. d3 e5 4. Nd2 c6 5. b3 Bg4 6. Bb2 Nbd7 7. h3 Bh5 8. g4
Bg6 9. e3 Bc5 10. Ne2 h5 11. g5 Nh7 12. h4 f6 13. d4 Bd6 14. dxe5 Bxe5 15. Bxe5
fxe5 16. Ng3 Nhf8 17. f4 Qb6 18. Qe2 Bxc2 19. Rc1 Bg6 20. f5 Bf7 21. e4 d4 22.
g6 Bg8 23. Nxh5 O-O-O 24. Nxg7 Nf6 25. h5 d3 26. Qf2 Qc7 27. h6 Ng4 28. Qxa7
Rxh6 29. Rxh6 Nxh6 30. Bh3 Qb8 31. Qe3 Kc7 32. Qxh6 Qa7 33. Qg5 1-0

[Event "78th UKR-ch"]
[Site "Alushta UKR"]
[Date "2009.05.11"]
[Round "1"]
[White "Shagbazian, Taron"]
[WhiteElo "2216"]
[Black "Matiushin, Gennady"]
[BlackElo "2500"]
[Result "0-1"]
[EventDate "2009.05.10"]
[PlyCount "38"]

1. e4 g6 2. Nc3 Bg7 3. Nf3 d6 4. d4 Bg4 5. Be2 c6 6. Be3 Nf6 7. h3 Bxf3 8. Bxf3
Nbd7 9. Qd2 O-O 10. O-O-O Qa5 11. Kb1 b5 12. Nd5 Qd8 13. Nb4 Qc7 14. e5 dxe5
15. Bxc6 Rad8 16. Qc3 a5 17. Bxd7 Qxd7 18. Na6 exd4 19. Bxd4 e5 0-1

[Event "78th UKR-ch"]
[Site "Alushta UKR"]
[Date "2009.05.11"]
[Round "1"]
[White "Borzov, Dmytro"]
[WhiteElo "2209"]
[Black "Nosenko, Olexandr"]
[BlackElo "2498"]
[Result "0-1"]
[EventDate "2009.05.10"]
[PlyCount "128"]

1. d4 c5 2. d5 f5 3. Nf3 Nf6 4. c4 g6 5. Nc3 d6 6. g3 Bg7 7. Bg2 O-O 8. O-O Na6
9. a3 Nc7 10. e4 Nxe4 11. Nxe4 fxe4 12. Ng5 b5 13. cxb5 Nxb5 14. Rb1 Nd4 15.
Nxe4 Rb8 16. Bg5 h6 17. Be3 Nf5 18. Qd2 a5 19. Rfe1 Rb3 20. Qc1 a4 21. Nd2 Rb8
22. Qc2 Bd7 23. Be4 g5 24. Nc4 Kh8 25. b3 Nd4 26. Bxd4 Bxd4 27. Re2 Bg4 28. Rd2
Qd7 29. bxa4 Rxb1+ 30. Qxb1 Qxa4 31. Qc2 Qxc2 32. Rxc2 Ra8 33. Kg2 Bd1 34. Rc1
Bb3 35. Bd3 Kg7 36. Re1 Kf8 37. h3 Ra4 38. Rc1 Ra7 39. Rb1 Bxc4 40. Bxc4 Rxa3
41. Rc1 Ra4 42. Rc2 Rb4 43. Kf3 Kg7 44. Bd3 Kf6 45. Bc4 h5 46. Ke4 Rb1 47. Kf3
Be5 48. Ba2 Rh1 49. Kg2 Rd1 50. Kf3 Rd3+ 51. Kg2 h4 52. Bc4 Ra3 53. gxh4 gxh4
54. Be2 e6 55. dxe6 Kxe6 56. Rc4 Bd4 57. Rc2 d5 58. Bg4+ Kd6 59. f4 c4 60. Re2
Rg3+ 61. Kh2 c3 62. Re6+ Kc5 63. Re8 Kc4 64. Be6 c2 0-1

[Event "78th UKR-ch"]
[Site "Alushta UKR"]
[Date "2009.05.11"]
[Round "1"]
[White "Kharchenko, Boris"]
[WhiteElo "2474"]
[Black "Matsegora, Taras"]
[BlackElo "2196"]
[Result "1-0"]
[EventDate "2009.05.10"]
[PlyCount "91"]

1. e4 e5 2. Nf3 d6 3. d4 exd4 4. Qxd4 a6 5. Bf4 Nc6 6. Qd2 Nf6 7. Nc3 Bg4 8.
O-O-O Be7 9. h3 Be6 10. Qe3 Nd7 11. e5 dxe5 12. Nxe5 Ncxe5 13. Bxe5 O-O 14. Qg3
f6 15. Bxc7 Qe8 16. Re1 Qf7 17. Qe3 Ne5 18. f4 Rfc8 19. fxe5 Rxc7 20. exf6 Rxc3
21. Qxe6 Ba3 22. Qxf7+ Kxf7 23. bxa3 Rac8 24. Re2 Kxf6 25. Rd2 Rxa3 26. Kb2 Ra4
27. a3 Rc6 28. Bd3 Rb6+ 29. Ka2 h5 30. Rf2+ Kg5 31. g3 Rd6 32. Rf5+ Kh6 33. g4
g6 34. g5+ Kg7 35. Re5 Rf4 36. Re7+ Rf7 37. Rhe1 b5 38. R1e6 Rxe7 39. Rxd6 Re3
40. Rxg6+ Kf7 41. Rf6+ Kg7 42. Rxa6 Rxh3 43. Ra7+ Kg8 44. g6 h4 45. Bxb5 Rg3
46. Bc4+ 1-0

[Event "78th UKR-ch"]
[Site "Alushta UKR"]
[Date "2009.05.11"]
[Round "1"]
[White "Yakymov, Volodymyr"]
[WhiteElo "2453"]
[Black "Baranov, Yuriy"]
[BlackElo "2173"]
[Result "1-0"]
[EventDate "2009.05.10"]
[PlyCount "25"]

1. e4 Nc6 2. Nf3 e5 3. Bc4 Nf6 4. d4 exd4 5. e5 d5 6. Bb5 Ne4 7. Nxd4 Bd7 8.
Bxc6 bxc6 9. O-O Be7 10. f3 Nc5 11. f4 f6 12. f5 fxe5 13. Qh5+ 1-0

[Event "78th UKR-ch"]
[Site "Alushta UKR"]
[Date "2009.05.11"]
[Round "1"]
[White "Mazurchak, Bohdan"]
[WhiteElo "2164"]
[Black "Kovalenko, Igor"]
[BlackElo "2449"]
[Result "1-0"]
[EventDate "2009.05.10"]
[PlyCount "117"]

1. e4 c5 2. c3 e6 3. d4 d5 4. exd5 exd5 5. Bb5+ Bd7 6. Bxd7+ Nxd7 7. Nf3 Ngf6
8. O-O Be7 9. Bg5 O-O 10. dxc5 Nxc5 11. Nbd2 Re8 12. Qc2 Nce4 13. Nxe4 dxe4 14.
Nd4 Qd5 15. Be3 Bd6 16. Qe2 Rad8 17. Rfd1 Qe5 18. g3 Nd5 19. Nc2 Nxe3 20. Nxe3
Bc5 21. Rxd8 Rxd8 22. Rd1 Rxd1+ 23. Qxd1 $11 23... Qd6 24. Qg4 Qc6 25. h4 g6
26. Qf4 h5 27. b3 Bd6 28. Qf6 Bc7 29. Qe7 Bd6 30. Qd8+ Kh7 31. Qf6 Kg8 32. Qd8+
Bf8 33. Nd5 Kg7 34. c4 Qd6 35. Qe8 f5 36. Qc8 Qc6 37. Qb8 a6 38. Qe5+ Kf7 39.
Qb8 Qd7 40. Kg2 Bg7 41. a4 Bd4 42. Kf1 Kg7 43. Kg2 Kf7 44. Kf1 Kg7 45. Ke2 Kh7
46. Qf8 Bg7 47. Qb8 Bd4 48. Qf8 a5 49. Ne7 Qe6 50. Nd5 b6 51. Kf1 Qd7 52. Qb8
52... Kh6 $11 53. Nxb6 Bxb6 54. Qxb6 Qd3+ 55. Kg1 Qb1+ 56. Kh2 Qb2 57. Qe3+ Kh7
58. Kg2 Kg7 59. c5 1-0

[Event "78th UKR-ch"]
[Site "Alushta UKR"]
[Date "2009.05.11"]
[Round "1"]
[White "Kovalev, Denis"]
[WhiteElo "2447"]
[Black "Kalinina, Olga"]
[BlackElo "2159"]
[Result "1-0"]
[EventDate "2009.05.10"]
[PlyCount "63"]

1. Nf3 d5 2. c4 c6 3. e3 Nf6 4. Nc3 Bg4 5. d4 e6 6. h3 Bh5 7. g4 Bg6 8. Ne5 Bd6
9. h4 dxc4 10. Nxc4 Bc7 11. h5 Be4 12. Nxe4 Nxe4 13. Bg2 Nd6 14. Ne5 Nd7 15.
Nd3 Qg5 16. e4 Qa5+ 17. b4 Qb6 18. O-O Qxd4 19. Bb2 Qb6 20. Qc2 Qb5 21. e5 Qc4
22. Qe2 Nc8 23. a4 Qa6 24. b5 cxb5 25. Rfc1 Bd8 26. Nb4 Qa5 27. Bxb7 Qxb4 28.
Bxa8 Ncb6 29. Bc6 O-O 30. a5 Nc4 31. Bc3 Qe7 32. Bxb5 1-0

[Event "78th UKR-ch"]
[Site "Alushta UKR"]
[Date "2009.05.11"]
[Round "1"]
[White "Havrysh, Leonid"]
[WhiteElo "2155"]
[Black "Kuzmin, Gennady"]
[BlackElo "2443"]
[Result "1/2-1/2"]
[EventDate "2009.05.10"]
[PlyCount "90"]

1. d4 Nf6 2. c4 e6 3. Nc3 d5 4. cxd5 Nxd5 5. e4 Nxc3 6. bxc3 c5 7. Nf3 cxd4 8.
cxd4 Nc6 9. Bc4 b5 10. Be2 a6 11. O-O Bb7 12. a4 b4 13. d5 Na5 14. dxe6 fxe6
15. Ng5 Qf6 16. e5 Qe7 17. Bd3 O-O-O 18. Be3 Kb8 19. Qb1 h6 20. Ne4 Qh4 21. Bb6
Rd5 22. Qc2 Nc6 23. f4 Be7 24. Bxa6 Rc8 25. Bxb7 Kxb7 26. Qf2 Nxe5 27. fxe5
Qxe4 28. a5 Rc2 29. a6+ Ka8 30. Qf3 Qxe5 31. Rad1 Bd6 32. g3 Rc6 33. Rxd5 Qxd5
34. Qf8+ Bb8 35. a7 Rxb6 36. axb8=Q+ Rxb8 37. Ra1+ Kb7 38. Qxb4+ Kc8 39. Qf8+
Kd7 40. Qxg7+ Ke8 41. Qg8+ Kd7 42. Ra7+ Kc6 43. Qxb8 Qd1+ 44. Kf2 Qd2+ 45. Kf3
Qd3+ 1/2-1/2

[Event "78th UKR-ch"]
[Site "Alushta UKR"]
[Date "2009.05.11"]
[Round "1"]
[White "Bogdanovich, Stanislav"]
[WhiteElo "2414"]
[Black "Stolpovskyi, Serhii"]
[BlackElo "2151"]
[Result "1/2-1/2"]
[EventDate "2009.05.10"]
[PlyCount "116"]

1. e4 e5 2. Nf3 Nc6 3. Bb5 a6 4. Ba4 Nf6 5. O-O Be7 6. Re1 b5 7. Bb3 O-O 8. c3
d5 9. exd5 Nxd5 10. Nxe5 Nxe5 11. Rxe5 c6 12. d4 Bd6 13. Re1 Qh4 14. g3 Qh3 15.
Be3 Bg4 16. Qd3 Rae8 17. Nd2 Re6 18. Bxd5 cxd5 19. Qf1 Qh5 20. f3 Bh3 21. Qf2
f5 22. Bf4 Rxe1+ 23. Rxe1 Bxf4 24. gxf4 Qh6 25. Kh1 Qxf4 26. Qe3 Qxe3 27. Rxe3
f4 28. Re5 Rf6 29. Nb3 Rg6 30. Re2 Bf1 31. Rf2 Bc4 32. Nc5 Bxa2 33. Rf1 b4 34.
cxb4 Bc4 35. Re1 Rb6 36. b3 Bb5 37. Re7 Bf1 38. Ne6 Rxb4 39. Rxg7+ Kh8 40. Rd7
Kg8 41. Nxf4 Rxb3 42. h4 Rxf3 43. Nxd5 Bc4 44. Nb6 Bb5 45. Rc7 Rf4 46. d5 Rxh4+
47. Kg2 Rh6 48. Nc8 Rg6+ 49. Kf3 Rg7 50. Ne7+ Kf8 51. d6 Ke8 52. Kf4 Bd7 53.
Ra7 Bb5 54. Ke5 Rg1 55. Nd5 Rg5+ 56. Kd4 Rg4+ 57. Ke5 Rg5+ 58. Kd4 Rg4+ 1/2-1/2

[Event "78th UKR-ch"]
[Site "Alushta UKR"]
[Date "2009.05.11"]
[Round "1"]
[White "Berezka, Alexandr"]
[WhiteElo "2150"]
[Black "Budnikov, Oleg"]
[BlackElo "2408"]
[Result "0-1"]
[EventDate "2009.05.10"]
[PlyCount "78"]

1. e4 g6 2. d4 Bg7 3. Nf3 d6 4. Be2 c5 5. O-O cxd4 6. Nxd4 Nf6 7. Nc3 O-O 8.
Be3 Nc6 9. Nb3 a6 10. a4 b6 11. f4 Bb7 12. Qd2 Rc8 13. Rad1 Nb4 14. Bf3 Qc7 15.
Qf2 Nd7 16. Bd4 e5 17. fxe5 dxe5 18. Be3 Bc6 19. Bg4 Rb8 20. Bxd7 Bxd7 21. a5
bxa5 22. Bc5 Be6 23. Bd6 Qb6 24. Nc5 Bg4 25. Bxb8 Bxd1 26. Nd7 Qxf2+ 27. Kxf2
Bxc2 28. Nxf8 Bxf8 29. Ke3 Bh6+ 30. Kf3 Nc6 31. Bc7 f5 32. Re1 Bd2 33. Ra1
fxe4+ 34. Ke2 e3 35. Bb6 Nd4+ 36. Bxd4 exd4 37. Nd5 d3+ 38. Kf3 e2 39. Kf2 Bd1
0-1

[Event "78th UKR-ch"]
[Site "Alushta UKR"]
[Date "2009.05.11"]
[Round "1"]
[White "Strelnikov, Sergei"]
[WhiteElo "2393"]
[Black "Matviychuk, Olexandr"]
[BlackElo "2149"]
[Result "1-0"]
[EventDate "2009.05.10"]
[PlyCount "63"]

1. Nf3 Nf6 2. c4 e6 3. Nc3 d5 4. d4 Be7 5. cxd5 exd5 6. Bf4 O-O 7. h3 c5 8. e3
Nc6 9. Be2 Bf5 10. dxc5 Bxc5 11. O-O d4 12. Na4 d3 13. Nxc5 dxe2 14. Qxe2 Qd5
15. Rfc1 b6 16. Nb3 Nb4 17. Bg5 Nxa2 18. Rxa2 Qxb3 19. Ra3 Qd5 20. Bxf6 gxf6
21. Rd1 Qe4 22. Rd4 Qb1+ 23. Kh2 Rfc8 24. Nh4 Bg6 25. Qf3 Qxb2 26. Raa4 Qc2 27.
Qxf6 Qc5 28. Nxg6 fxg6 29. Rd7 Qf8 30. Qe6+ Kh8 31. Rf4 Qh6 32. Rff7 1-0

[Event "78th UKR-ch"]
[Site "Alushta UKR"]
[Date "2009.05.11"]
[Round "1"]
[White "Cherednichenko, Elena"]
[WhiteElo "2134"]
[Black "Truskavetsky, Alexandr"]
[BlackElo "2391"]
[Result "1-0"]
[EventDate "2009.05.10"]
[PlyCount "73"]

1. d4 Nf6 2. Nf3 e6 3. e3 b6 4. Bd3 Bb7 5. O-O c5 6. c4 d5 7. Nc3 Nbd7 8. b3
Bd6 9. Nb5 Bb8 10. Bb2 O-O 11. a4 a6 12. Na3 Qc7 13. Ne5 Ne4 14. f4 f5 15. Bxe4
fxe4 16. Qg4 Rf5 17. Qh3 cxd4 18. Nxd7 Qxd7 19. Bxd4 Bc7 20. Rfd1 Raf8 21. b4
g5 22. g4 R5f7 23. Qh5 gxf4 24. Qg5+ Rg7 25. Bxg7 Qxg7 26. exf4 Rxf4 27. Qxg7+
Kxg7 28. h3 e3 29. Nc2 Rxc4 30. Nxe3 Rxb4 31. Nc2 Rb2 32. Nd4 Kf6 33. Rf1+ Ke7
34. Rfe1 e5 35. Rac1 Kd7 36. Rf1 Bd6 37. Rf7+ 1-0

[Event "78th UKR-ch"]
[Site "Alushta UKR"]
[Date "2009.05.11"]
[Round "1"]
[White "Poluektov, Yury"]
[WhiteElo "2390"]
[Black "Khazankin, Moisei"]
[BlackElo "2134"]
[Result "1-0"]
[EventDate "2009.05.10"]
[PlyCount "107"]

1. d4 Nf6 2. Nf3 g6 3. Bf4 d6 4. e3 Nh5 5. Bg5 h6 6. Bh4 g5 7. Nfd2 Ng7 8. Bg3
Nf5 9. Bd3 h5 10. Bxf5 Bxf5 11. h4 g4 12. Nc3 Bg7 13. Qe2 Nc6 14. d5 Ne5 15. e4
Bd7 16. Bxe5 Bxe5 17. Nc4 Bg7 18. Ne3 c5 19. a4 a6 20. a5 Qc7 21. O-O Bf6 22.
g3 O-O-O 23. Nc4 Kb8 24. Qd3 Rh6 25. Rfe1 e6 26. dxe6 Bxc3 27. e7 Re8 28. Qxc3
Rxe7 29. Nb6 Re5 30. Rad1 Bc6 31. Nd5 Bxd5 32. exd5 f6 33. b4 cxb4 34. Qxb4 Rh8
35. Rxe5 fxe5 36. Rb1 Rf8 37. Rb3 Rf6 38. Rc3 Qd8 39. Rc6 Ka7 40. Qb6+ Qxb6 41.
Rxb6 e4 42. Kg2 Rf3 43. Rxd6 Ra3 44. Re6 Rxa5 45. c4 b5 46. c5 b4 47. Re7+ Kb8
48. d6 Rxc5 49. Re8+ Kb7 50. d7 Rd5 51. d8=Q Rxd8 52. Rxd8 b3 53. Kf1 a5 54.
Ke2 1-0

[Event "78th UKR-ch"]
[Site "Alushta UKR"]
[Date "2009.05.11"]
[Round "1"]
[White "Cherednichenko, Svetlana"]
[WhiteElo "2361"]
[Black "Varchenko, Hryhorii"]
[BlackElo "2125"]
[Result "0-1"]
[EventDate "2009.05.10"]
[PlyCount "140"]

1. d4 Nf6 2. Nf3 e6 3. e3 d5 4. Bd3 Bd6 5. Nbd2 O-O 6. b3 b6 7. Bb2 Bb7 8. O-O
Qe7 9. Ne5 c5 10. f4 Ne4 11. Nxe4 dxe4 12. Bc4 cxd4 13. Qxd4 f6 14. Ng4 Rd8 15.
Qd1 f5 16. Nf2 Nc6 17. Qh5 Na5 18. Be2 Rac8 19. c4 Bc5 20. Bc1 Ba3 21. Bxa3
Qxa3 22. Rfd1 Nc6 23. Rxd8+ Rxd8 24. Rd1 Rxd1+ 25. Bxd1 g6 26. Qe2 Qc1 27. Kf1
e5 28. g3 exf4 29. gxf4 Qc3 30. Qe1 Qb2 31. Qe2 Qc1 32. Ke1 Nb4 33. a4 Kf7 34.
Qd2 Qxd2+ 35. Kxd2 h6 36. h4 Kf6 37. Nh3 a5 38. Kc3 Nd3 39. Kd2 Bc6 40. Be2 Nc5
41. Kc3 Ne6 42. Bd1 Nc5 43. Bc2 Ke6 44. Ng1 Kf6 45. Ne2 g5 46. fxg5+ hxg5 47.
hxg5+ Kxg5 48. Nf4 Kf6 49. Kd4 Na6 50. Bd1 Nb4 51. c5 bxc5+ 52. Kxc5 Ke5 53.
Kb6 Nd5+ 54. Nxd5 Bxd5 55. Kxa5 f4 56. exf4+ Kxf4 57. Kb4 e3 58. Kc3 Bf3 59.
Bc2 Be2 60. Kd4 Bc4 61. Bd1 Bxb3 62. Be2 Bxa4 63. Bh5 Bc6 64. Be2 Bf3 65. Ba6
Bh5 66. Bb5 Kf3 67. Bc4 Kf2 68. Bb5 Be2 69. Be8 Bf1 70. Bh5 Bg2 0-1

[Event "78th UKR-ch"]
[Site "Alushta UKR"]
[Date "2009.05.11"]
[Round "1"]
[White "Loy, Konstantin"]
[WhiteElo "2123"]
[Black "Pavlov, Maxim"]
[BlackElo "2353"]
[Result "1/2-1/2"]
[EventDate "2009.05.10"]
[PlyCount "150"]

1. e4 c5 2. Nf3 d6 3. d4 cxd4 4. Qxd4 a6 5. c4 Nc6 6. Qd3 g6 7. Be2 Bg7 8. O-O
Bg4 9. Nc3 Nf6 10. Bg5 h6 11. Bf4 Nd7 12. Qd2 Rc8 13. Rac1 Bxf3 14. Bxf3 Nce5
15. b3 Nxf3+ 16. gxf3 g5 17. Bg3 Ne5 18. Kg2 Ng6 19. Nd5 h5 20. h3 e6 21. Nc3
Be5 22. Bxe5 dxe5 23. Qxd8+ Rxd8 24. Rcd1 Nh4+ 25. Kg3 Ke7 26. Ne2 Ng6 27. Rfe1
f5 28. exf5 exf5 29. Nc3 Kf7 30. Nd5 f4+ 31. Kh2 Nh4 32. Rd3 Ke6 33. Red1 Rdg8
34. Nc7+ Kf5 35. Nd5 Rh7 36. Kg1 g4 37. hxg4+ hxg4 38. fxg4+ Rxg4+ 39. Kf1 e4
40. Rh3 Rhg7 41. Ke2 Ke5 42. Rdh1 Nf5 43. Rh7 b5 44. Rxg7 Rxg7 45. Rh5 bxc4 46.
bxc4 Rb7 47. Kd2 Rb2+ 48. Kc3 Rxf2 49. Ne7 Kf6 50. Rxf5+ Kxe7 51. Re5+ Kf6 52.
Rxe4 Kf5 53. Re8 Rxa2 54. c5 Ra1 55. Kc4 f3 56. c6 Kf4 57. Rf8+ Kg3 58. Rg8+
Kf2 59. Rh8 Kg2 60. Rg8+ Kf1 61. Kc5 f2 62. c7 Rc1+ 63. Kb6 a5 64. c8=Q Rxc8
65. Rxc8 a4 66. Ra8 Kg2 67. Rg8+ Kh3 68. Rf8 Kg3 69. Rg8+ Kf3 70. Rf8+ Ke2 71.
Re8+ Kf1 72. Ra8 a3 73. Rxa3 Kg2 74. Ra1 f1=Q 75. Rxf1 Kxf1 1/2-1/2

[Event "78th UKR-ch"]
[Site "Alushta UKR"]
[Date "2009.05.11"]
[Round "1"]
[White "Dmitrenko, Viktor"]
[WhiteElo "2338"]
[Black "Lomakin, Viktor"]
[BlackElo "2120"]
[Result "1-0"]
[EventDate "2009.05.10"]
[PlyCount "73"]

1. d4 d5 2. Nf3 Nf6 3. c4 dxc4 4. Nc3 a6 5. e4 b5 6. e5 Nd5 7. a4 e6 8. axb5
Nb6 9. Be3 Bb7 10. Nd2 Qd7 11. bxa6 Rxa6 12. Rxa6 Bxa6 13. h4 Nc6 14. Nde4 Nb4
15. h5 h6 16. Be2 Nd3+ 17. Bxd3 cxd3 18. Qa1 Bb7 19. O-O Be7 20. Qd1 Nd5 21.
Qxd3 Nxe3 22. Qxe3 Qc6 23. Rd1 O-O 24. d5 exd5 25. Nxd5 Re8 26. Qg3 Kh8 27.
Nxe7 Rxe7 28. Rd8+ Re8 29. Rxe8+ Qxe8 30. Nc5 Bd5 31. b4 Qb5 32. Qg4 Bc4 33.
Qc8+ Kh7 34. Nd7 Qa6 35. Qd8 Qc6 36. Nf8+ Kg8 37. Ng6+ 1-0

[Event "78th UKR-ch"]
[Site "Alushta UKR"]
[Date "2009.05.11"]
[Round "1"]
[White "Bernadskyi, Vitalii"]
[WhiteElo "2327"]
[Black "Yermolkevych, Oleksii"]
[BlackElo "2097"]
[Result "1/2-1/2"]
[EventDate "2009.05.10"]
[PlyCount "110"]

1. e4 c6 2. d4 d5 3. e5 c5 4. dxc5 Nc6 5. Bb5 e6 6. Be3 Nge7 7. c3 Nf5 8. Bxc6+
bxc6 9. Bd4 Qg5 10. g3 h5 11. Nh3 Qg4 12. Qxg4 hxg4 13. Nf4 Rb8 14. b3 Nxd4 15.
cxd4 Rb4 16. Ne2 Ba6 17. Nbc3 f6 18. exf6 gxf6 19. O-O-O e5 20. Kc2 Rb7 21.
Rde1 Kd7 22. Na4 Bb5 23. dxe5 Bxa4 24. e6+ Kxe6 25. Nc3+ Kd7 26. Nxa4 Rb5 27.
f3 gxf3 28. Rhf1 Bxc5 29. Rxf3 Bd4 30. h3 Be5 31. g4 Kd6 32. Rg1 Rb7 33. Rd1
Rbh7 34. Rdd3 Re8 35. b4 Rb8 36. a3 a5 37. bxa5 Ra7 38. Rb3 Re8 39. Nb2 Rxa5
40. Nd3 Bd4 41. Nf4 Re1 42. Nh5 c5 43. Nxf6 c4 44. Rb8 Re2+ 45. Kd1 Rg2 46.
Ne8+ Kc6 47. Rf7 Be5 48. Rc8+ Kb6 49. Nf6 Bxf6 50. Rxf6+ Kb5 51. Rf3 Ra7 52.
Rd8 Kc5 53. Rf5 $11 53... Rxa3 54. Rfxd5+ Kb4 55. Rd2 Rxd2+ 1/2-1/2

[Event "78th UKR-ch"]
[Site "Alushta UKR"]
[Date "2009.05.11"]
[Round "1"]
[White "Domnin, Sergei"]
[WhiteElo "2095"]
[Black "Rudak, Vladimir"]
[BlackElo "2327"]
[Result "1/2-1/2"]
[EventDate "2009.05.10"]
[PlyCount "135"]

1. e4 e5 2. Nc3 Nf6 3. Bc4 Nc6 4. d3 Na5 5. Bb3 Nxb3 6. axb3 Bc5 7. Nf3 d6 8.
Na4 Qe7 9. Nxc5 dxc5 10. Bg5 O-O 11. h3 Qd6 12. O-O h6 13. Be3 Be6 14. Qe1 Nd7
15. Qc3 f6 16. Nh4 g5 17. Nf3 b6 18. Kh2 f5 19. Ra6 Nb8 20. Bxc5 Nxa6 21. Bxd6
cxd6 22. exf5 Rxf5 23. Qc6 Rd8 24. Qa4 Bc8 25. b4 Rf7 26. c3 Nb8 27. Qb3 Kg7
28. Nd2 Bf5 29. Qd5 Na6 30. Qf3 Nc7 31. Qe2 Nd5 32. g3 Ne7 33. f4 gxf4 34. gxf4
Ng6 35. fxe5 dxe5 36. Ne4 Nf4 37. Rxf4 exf4 38. Nf2 Rdd7 39. Qe5+ Kh7 40. d4
Rde7 41. Qd5 Bc8 42. Qc4 Bf5 43. d5 f3 44. d6 Rd7 45. Qd4 Rg7 46. c4 Rg2+ 47.
Kh1 Rdg7 48. Ng4 Bxg4 49. Qe4+ Kh8 50. Qe8+ Rg8 51. Qe5+ Kh7 52. Qe4+ Rg6 53.
Qe7+ Rg7 54. Qe4+ Bf5 55. Qxf5+ Kg8 56. Qxf3 Rd2 57. c5 Rf7 58. Qg4+ Kh8 59.
Qc8+ Kg7 60. Kg1 Rd1+ 61. Kg2 Rd2+ 62. Kg3 Rd3+ 63. Kg2 Rd2+ 64. Kg3 Rd3+ 65.
Kg4 Rd4+ 66. Kh5 Rd5+ 67. Kh4 Rd4+ 68. Kg3 1/2-1/2

[Event "78th UKR-ch"]
[Site "Alushta UKR"]
[Date "2009.05.11"]
[Round "1"]
[White "Shtanko, Dmitry"]
[WhiteElo "2311"]
[Black "Podolsky, Anton"]
[BlackElo "2083"]
[Result "1-0"]
[EventDate "2009.05.10"]
[PlyCount "55"]

1. e4 e5 2. Nf3 Nc6 3. Bc4 Nf6 4. d3 Be7 5. Nbd2 O-O 6. c3 d6 7. Nf1 Na5 8. Bb5
a6 9. Ba4 b5 10. Bc2 c5 11. Ng3 Qc7 12. O-O h6 13. h3 Be6 14. d4 Rac8 15. d5
Bd7 16. b3 Bd8 17. Be3 Kh7 18. Nh2 Qa7 19. f4 Nb7 20. fxe5 dxe5 21. Nf5 Qb8 22.
Ng4 Bxf5 23. Rxf5 Nxg4 24. Qxg4 Ba5 25. Raf1 f6 26. Bxh6 Rf7 27. Bxg7 Nd6 28.
Rh5+ 1-0

[Event "78th UKR-ch"]
[Site "Alushta UKR"]
[Date "2009.05.11"]
[Round "1"]
[White "Savvopulo, Anatoly"]
[WhiteElo "2074"]
[Black "Labenskyi, Ihor"]
[BlackElo "2304"]
[Result "1-0"]
[EventDate "2009.05.10"]
[PlyCount "77"]

1. d4 Nf6 2. c4 c5 3. e3 g6 4. Nc3 Bg7 5. Nf3 O-O 6. Be2 cxd4 7. exd4 d5 8. O-O
Nc6 9. Ne5 dxc4 10. Nxc6 bxc6 11. Bxc4 Qd6 12. Be2 Rd8 13. Be3 Nd5 14. Nxd5
cxd5 15. Qd2 Qb6 16. Rfc1 Bd7 17. Rc5 e6 18. Bf4 Rdc8 19. Rac1 Rxc5 20. Rxc5
Rc8 21. b4 Bf8 22. Rxc8 Bxc8 23. b5 Bd7 24. a4 Bg7 25. Be3 Bf6 26. Qb4 a5 27.
Qc5 Qd8 28. Bf4 g5 29. Bc7 Bxd4 30. Bxd8 Bxc5 31. Bxa5 e5 32. Bc7 e4 33. a5 d4
34. b6 Bc8 35. a6 d3 36. b7 Bxb7 37. axb7 Ba7 38. Bd1 f5 39. g3 1-0

[Event "78th UKR-ch"]
[Site "Alushta UKR"]
[Date "2009.05.11"]
[Round "1"]
[White "Zaichuk, Vitalii"]
[WhiteElo "2038"]
[Black "Luzhinsky, Vitaly"]
[BlackElo "2298"]
[Result "0-1"]
[EventDate "2009.05.10"]
[PlyCount "78"]

1. b4 c6 2. Bb2 a5 3. a3 axb4 4. axb4 Rxa1 5. Bxa1 d5 6. e3 Bf5 7. Nf3 e6 8. b5
c5 9. c4 Nf6 10. Be2 Nbd7 11. O-O Qa5 12. Nc3 dxc4 13. Bxc4 Nb6 14. Be2 h6 15.
Qb3 Be7 16. Bb2 O-O 17. d3 Qb4 18. Nd2 Rd8 19. e4 Bg6 20. Ra1 c4 21. Qxb4 Bxb4
22. Nxc4 Nxc4 23. dxc4 Rd2 24. Ra8+ Kh7 25. Ba1 Bxc3 26. Bxc3 Rxe2 27. f3 Rc2
28. Bxf6 gxf6 29. Rc8 f5 30. e5 f4 31. c5 Bd3 32. g3 fxg3 33. hxg3 Bxb5 34. Rc7
Kg6 35. f4 Bc6 36. Kf1 Rxc5 37. Kf2 Rc2+ 38. Ke3 Rg2 39. Kd4 Rxg3 0-1

[Event "78th UKR-ch"]
[Site "Alushta UKR"]
[Date "2009.05.11"]
[Round "1"]
[White "Dolzhykova, Kateryna"]
[WhiteElo "2291"]
[Black "Mamonova, Yulia"]
[BlackElo "2009"]
[Result "1-0"]
[EventDate "2009.05.10"]
[PlyCount "77"]

1. e4 c5 2. Nf3 Nc6 3. Bb5 d6 4. O-O Qc7 5. c3 Bg4 6. h3 Bxf3 7. Qxf3 a6 8. Ba4
Nf6 9. d3 g6 10. Bf4 Nd7 11. Qe3 h5 12. Nd2 Bg7 13. Nf3 O-O-O 14. d4 e5 15.
dxe5 dxe5 16. Bg3 c4 17. Rfd1 f6 18. Nh4 Bh6 19. Qe2 Rhg8 20. Bc2 Ne7 21. b3
Bf4 22. Bh2 g5 23. Nf5 Nxf5 24. exf5 Bxh2+ 25. Kxh2 e4+ 26. Kh1 Nc5 27. Qxc4 b5
28. Qe2 Qf4 29. b4 Nd3 30. Bxd3 exd3 31. Qe6+ Kb7 32. a4 Qc4 33. Qe7+ Kb8 34.
axb5 Qxb5 35. Qxf6 g4 36. Rxa6 Kb7 37. Rda1 d2 38. Ra7+ Kc8 39. Qe6+ 1-0

[Event "78th UKR-ch"]
[Site "Alushta UKR"]
[Date "2009.05.11"]
[Round "1"]
[White "Kuchin, Pavel"]
[WhiteElo "2001"]
[Black "Kovtun, Sergei"]
[BlackElo "2288"]
[Result "0-1"]
[EventDate "2009.05.10"]
[PlyCount "98"]

1. Nf3 b5 2. e4 Bb7 3. d3 e6 4. g3 d6 5. Bg2 Nf6 6. c3 Be7 7. a4 bxa4 8. Qxa4+
Nbd7 9. O-O O-O 10. b4 c5 11. Qb3 Qb6 12. Be3 Ng4 13. Bg5 Ndf6 14. Nbd2 Rfb8
15. h3 Ne5 16. Nxe5 dxe5 17. Nc4 Qc7 18. f4 cxb4 19. fxe5 Bc5+ 20. Kh2 Nd7 21.
d4 Bf8 22. cxb4 Nb6 23. Nd6 Bxd6 24. exd6 Qd7 25. Rac1 Rc8 26. Bf4 Ba6 27. Rfe1
Bc4 28. Qa3 f6 29. h4 h6 30. h5 Qe8 31. Qf3 e5 32. dxe5 fxe5 33. Be3 Nd7 34.
Bh3 Be6 35. Bf5 Nf6 36. g4 Qd7 37. Bc5 a5 38. bxa5 Rxa5 39. Bb4 Rb5 40. Rxc8+
Qxc8 41. Qb3 Bxb3 42. Bxc8 Rxb4 43. Rb1 Kf7 44. d7 Ke7 45. d8=Q+ Kxd8 46. Be6
Bxe6 47. Rxb4 Nxg4+ 48. Kg3 Nf6 49. Kh4 Ke7 0-1

[Event "78th UKR-ch"]
[Site "Alushta UKR"]
[Date "2009.05.11"]
[Round "1"]
[White "Razin, Vadim"]
[WhiteElo "2284"]
[Black "Pylyposian, Mikael"]
[BlackElo "1988"]
[Result "1-0"]
[EventDate "2009.05.10"]
[PlyCount "61"]

1. d4 d5 2. Nf3 Nf6 3. c4 c6 4. Nc3 dxc4 5. e3 b5 6. a4 Qb6 7. Ne5 Nbd7 8. axb5
cxb5 9. b3 e6 10. bxc4 bxc4 11. Nxc4 Qc6 12. Bd2 Bb4 13. Ne5 Qb7 14. Rb1 a5 15.
Bb5 Qxg2 16. Bc6 Nd5 17. Rf1 Rb8 18. Nxd5 exd5 19. Bxb4 axb4 20. Qa4 Qh3 21.
Rxb4 Rxb4 22. Qxb4 Rf8 23. Rg1 g6 24. Rg4 f6 25. Nxd7 Bxd7 26. Bxd7+ Kxd7 27.
Qb7+ Ke8 28. Qc8+ Ke7 29. Re4+ dxe4 30. Qxh3 Rf7 31. Qh4 1-0

[Event "78th UKR-ch"]
[Site "Alushta UKR"]
[Date "2009.05.11"]
[Round "1"]
[White "Tikhonov, Gennady"]
[WhiteElo "1984"]
[Black "Golovany, Andrei"]
[BlackElo "2280"]
[Result "0-1"]
[EventDate "2009.05.10"]
[PlyCount "84"]

1. d4 Nf6 2. c4 e6 3. g3 Bb4+ 4. Bd2 Qe7 5. Bg2 Nc6 6. Nf3 Bxd2+ 7. Nbxd2 d6 8.
O-O O-O 9. Qc2 a5 10. b3 Bd7 11. Rfe1 e5 12. e3 Rfe8 13. a3 e4 14. Ng5 Bf5 15.
Nh3 Nb8 16. Nf4 Nbd7 17. b4 c6 18. Qb3 b6 19. Bf1 g5 20. Ne2 h5 21. Bg2 c5 22.
Nc3 axb4 23. Nb5 Nf8 24. axb4 g4 25. Rxa8 Rxa8 26. Qb2 N8h7 27. bxc5 bxc5 28.
Ra1 Rxa1+ 29. Qxa1 Ng5 30. Nb3 Nf3+ 31. Kh1 Be6 32. d5 Bd7 33. Qa6 Bxb5 34.
cxb5 Qe5 35. b6 Qb2 36. Qb5 Qxf2 37. Qf1 Qb2 38. Qc4 Ne5 39. Qf1 Kg7 40. Qd1
Nd3 41. Qa1 Qxb3 42. Bxe4 Nf2+ 0-1

[Event "78th UKR-ch"]
[Site "Alushta UKR"]
[Date "2009.05.11"]
[Round "1"]
[White "Melnichuk, Mikhail"]
[WhiteElo "2276"]
[Black "Harnazhenko, Dmytro"]
[BlackElo "1890"]
[Result "1-0"]
[EventDate "2009.05.10"]
[PlyCount "53"]

1. d4 Nf6 2. c4 e6 3. Nf3 b6 4. g3 Bb7 5. Bg2 Be7 6. O-O O-O 7. Nc3 Ne4 8. Na4
f5 9. Qc2 Na6 10. a3 c5 11. Rd1 d5 12. dxc5 bxc5 13. Bf4 Bf6 14. cxd5 exd5 15.
Nc3 Nxc3 16. bxc3 Qe7 17. Rab1 Rad8 18. Be5 d4 19. Bxf6 Rxf6 20. cxd4 Be4 21.
Qc4+ Bd5 22. Qc3 Bxf3 23. Bxf3 Rfd6 24. e3 cxd4 25. Rxd4 Rxd4 26. exd4 Qc7 27.
Qd3 1-0